000 00980nam0a22002771 4500
001 rc\296288
005 20030307121239.1
035 _a(NLR Aleph) 005527001
090 _a5568793
_c5568793
100 _a20030307d1990 u |0rusy50 ca
101 0 _arus
102 _aRU
105 _aa |||||||||
200 1 _aСпектральные портреты матриц
_fС.К. Годунов, О.П. Кирилюк, В.И. Костин
210 _aНовосибирск
_cИМ
_d1990
215 _a22 с.
_cил.
_d20
225 1 _aПрепринт
_fАН СССР. Сиб. отд-ние. Ин-т математики
_v№ 3
320 _aБиблиогр.: с. 18
700 1 _aГодунов
_bС. К.
_f1929-
_gСергей Константинович
701 1 _aКирилюк
_bО. П.
701 1 _aКостин
_bВ. И.
_gВиктор Иванович
801 0 _aRU
_bNLR
_gpsbo
801 1 _aRU
_bELAR
_2rusmarc
852 _aNLR
_j90-4/5009
942 _cBOOK
980 _aNB